000 00625cam a2200145 4500500
005 20251228090855.0
041 _afre
042 _adc
100 1 0 _aFaguer, Nicolas
_eauthor
245 0 0 _aAlessandra Marangoni, « Le Jules Romain de Poesia (1906-1908), le Péguy de La Voce (1910-1912) », dans La Revue des revues, numéro 58, automne 2017, p. 100-115.
260 _c2019.
500 _a36
786 0 _nBulletin de l’Amitié Charles Péguy | 165 | 1 | 2019-04-24 | p. 63a-64 | 0180-8567
856 4 1 _uhttps://shs.cairn.info/revue-bulletin-de-lamitie-charles-peguy-2019-1-page-63a?lang=fr&redirect-ssocas=7080
999 _c1602818
_d1602818